000 00580nam a2200241 a 4500
001 nice12345678
003 IN_TiNIC
005 20260116012933.0
008 050524s1990 dela grp 000 0 eng
020 _a
_c200
082 0 0 _a200.1
_bTRO
100 _aTrompf, Garry
245 _aIn Search of Origins
260 _aDelhi
_bSterling Publishers
_c1990
300 _a219p
500 _aincludes index and biblioraphy
505 2 _aIndex and Glossary
650 _aReligion-Philosophy
700 1 _aTrompf, Garry
902 _bSRS
942 _cBK
999 _c8971
_d8971